Colleges: Fox News Hosts - Statistics

General Stats
  • This quiz has been taken 50 times
  • The average score is 12 of 36
Answer Stats
College Host % Correct
Lou Dobbs Harvard
98%
Melissa Francis Harvard
98%
Chris Wallace Harvard
98%
Pete Hegseth Princeton
69%
Howard Kurtz Buffalo / Columbia
64%
Jedediah Bila Columbia / Wagner
62%
Arthel Neville Xavier / SMU / Texas
62%
Greg Gutfeld California
55%
Laura Ingraham Virginia / Dartmouth
55%
Sean Hannity NYU / Adelphi
50%
Maria Bartiromo NYU / LIU
50%
Eric Shawn Georgetown
45%
Ainsley Earhardt South Carolina / Florida State
45%
Leland Vittert Northwestern
38%
Heather Childers UNC / UNC Charlotte
33%
Rob Schmitt Indiana
31%
Bill Hemmer Miami
29%
Sandra Smith Illinois State / LSU
26%
Steve Doocy Kansas
24%
Jon Scott Missouri
24%
Tucker Carlson Trinity
24%
Jesse Watters Trinity
24%
Harvey Levin UC Santa Barbara / Chicago
24%
Jeanine Pirro Albany Law School / Buffalo
19%
Neil Cavuto St. Bonaventure / American
19%
Shannon Bream Liberty
17%
Steve Hilton New College, Oxford
12%
Mark Levin Temple
10%
Ed Henry Siena
5%
Harris Faulkner UC Santa Barbara
5%
Brett Baier DePauw
2%
Jillian Mele La Salle / Scranton
2%
Brian Kilmeade LIU Post
2%
Martha MacCallum St. Lawrence
2%
Dana Perino Colorado State - Pueblo / Illinois - Springfield
0%
Juan Williams Haverford / Toronto Mississauga
0%
No matching quizzes found
Score Distribution
Percent of People with Each Score
Percentile by Number Answered
Your Score History
You have not taken this quiz